| 000 | 00456cam a2200169 4500 | ||
|---|---|---|---|
| 001 | L141425 | ||
| 008 | 000000n2008 000 0 eng u | ||
| 035 | _a(Sirsi) u141425 | ||
| 041 | 0 | _aeng | |
| 050 | _a381.4500025 $2 18 | ||
| 245 | _aRetail directory of the UK 2008 | ||
| 260 |
_aLondon _bHemming Information Services _c2008 |
||
| 350 | _a160 | ||
| 651 | 4 | _aENGLAND AND WALES | |
| 690 | _aPROPERTY-COMMERCIAL PROPERTY-RETAIL PROPERTY | ||
| 942 | _n0 | ||
| 999 |
_c107657 _d107657 |
||